000 00872cam a2200133ua 4500
041 _aeng
_h
110 1 _aCentre for science and environment .
_b
_c(New Delhi )
245 _aGreen schools programme: a manual to assess the green performance of your school
260 _aNew Delhi :
_bCentre for Science and Environment ,
_c2004.
300 _a ;
_e`.
504 _a
942 _cBK
999 _c13032
_d13032